Nine Greek Dramas /
Serie que difunde obra clásica en el sentido canónico del término, particularmente textos literarios, aunque abierta también a libros centrales de otros campos, como obras de Darwin o Pascal, por citar dos ejemplos.
Збережено в:
| Інші автори: | , , , , , , , |
|---|---|
| Формат: | Книга |
| Мова: | Англійська |
| Опубліковано: |
Nueva York, EUA :
Collier,
1963, c1937
|
| Серія: | (Harvard Classics ;
8) |
| Предмети: | |
| Теги: |
Немає тегів, Будьте першим, хто поставить тег для цього запису!
|
MARC
| LEADER | 00000nam^a2200000^a^4500 | ||
|---|---|---|---|
| 001 | 000316797 | ||
| 005 | 20250521000000.0 | ||
| 009 | 20260310113324.033 | ||
| 037 | |a Acervo ITESO - Biblioteca | ||
| 041 | |a ING | ||
| 082 | |a 808. 8 |b HAR V. 8 | ||
| 240 | 1 | 1 | |a [Antígona] |
| 240 | 1 | 5 | |a [Las bacantes] |
| 240 | 1 | 1 | |a [Edipo Rey] |
| 240 | 1 | 1 | |a [Hipólito] |
| 240 | 1 | 1 | |a [Agamenón] |
| 240 | 1 | 5 | |a [Las Coéforas] |
| 240 | 1 | 5 | |a [Las Euménides] |
| 240 | 1 | 4 | |a [La Orestíada] |
| 240 | 1 | 1 | |a [Prometeo encadenado] |
| 240 | 1 | 5 | |a [Las ranas] |
| 245 | 0 | 0 | |a Nine Greek Dramas / |c Esquilo... [et al.] ; tr. por E.D.A. Morshead... [et al.]. |
| 264 | 4 | |a Nueva York, EUA : |b Collier, |c 1963, c1937 | |
| 300 | |a 487 p. | ||
| 336 | |a texto |b txt |2 rdacontenido | ||
| 337 | |a sin mediación |b n |2 rdamedio | ||
| 338 | |a volumen |b nc |2 rdasoporte | ||
| 440 | 1 | |a (Harvard Classics ; |v 8) | |
| 520 | |a Serie que difunde obra clásica en el sentido canónico del término, particularmente textos literarios, aunque abierta también a libros centrales de otros campos, como obras de Darwin o Pascal, por citar dos ejemplos. | ||
| 520 | |a Como apunta el título general, el presente volumen de la serie reúne traducciones al inglés de nueve obras del teatro griego clásico del siglo V a.C., ocho de ellas tragedias y la última comedia, escritas por sus mayores exponentes: la trilogía de La Orestíada –formada por Agamenón, Las Coéforas y Las Euménides- y Prometeo encadenado, de Esquilo (525-456 a.C.); Edipo Rey y Anígona, de Sófocles (496-406 a.C.); Hipólito y Las bacantes, de Eurípides (485-406 a.C.) y Las ranas, de Aristófanes (h. 445-poco después del 388 a.C.) | ||
| 649 | |a XX | ||
| 650 | |a Tragedia Griega | ||
| 650 | |a Tragedia Clásica | ||
| 650 | |a Comedia Griega | ||
| 650 | |a Comedia Clásica | ||
| 650 | |a Teatro Griego | ||
| 650 | |a Teatro Clásico | ||
| 650 | |a Literatura Griega - |y Siglo V a.C. | ||
| 650 | |a Literatura Clásica - |y Siglo V a.C. | ||
| 740 | 4 | |a The House of Atreus : |b Agamemnon / |c Esquilo ; tr. por E.D.A. Morshead. | |
| 740 | 4 | |a The House of Atreus : |b The Libation-Bearers / |c Esquilo ; tr. por E.D.A. Morshead. | |
| 740 | 4 | |a The House of Atreus : |b The Furies / |c Esquilo ; tr. por E.D.A. Morshead. | |
| 740 | 0 | |a Prometheus Bound / |c Esquilo ; tr. por E.H. Plumptre. | |
| 740 | 0 | |a Œdipus the King / |c Sófocles ; tr. por E.H. Plumptre. | |
| 740 | 0 | |a Antigone / |c Sófocles ; tr. por E.H. Plumptre. | |
| 740 | 0 | |a Hippolytus / |c Eurípides ; tr. por G. Murray. | |
| 740 | 4 | |a The Bacchæ / |c Eurípides ; tr. por G. Murray. | |
| 740 | 4 | |a The Frogs / |c Aristófanes ; tr. por B.B. Rogers. | |
| 700 | |a Esquilo |e (autor) | ||
| 700 | |a Sófocles |e (autor) | ||
| 700 | |a Eurípides |e (autor) | ||
| 700 | |a Aristófanes |e (autor) | ||
| 700 | |a Morshead, Edmund Doidge Anderson |e (traducción) | ||
| 700 | |a Plumptre, Edward Hayes |e (traducción) | ||
| 700 | |a Murray, Gilbert |e (traducción) | ||
| 700 | |a Rogers, Benjamin Bickley |e (traducción) | ||
| 910 | |a Fondo General | ||
| 920 | |a Impresos - Libros | ||
| 930 | |a Colección General | ||
| 940 | |a Literatura | ||
| 905 | |a 101 | ||
| 901 | |a 0500203544 |b IT1 |c LIT |i D54883 |u 20250521 | ||
| 902 | |a https://opac.biblio.iteso.mx/vufind/Record/000316797 | ||